Radiative transfer in moving media (Record no. 12886)

MARC details
000 -LEADER
fixed length control field 00646nam a2200181Ia 4500
003 - CONTROL NUMBER IDENTIFIER
control field IN-BaIIA
008 - FIXED-LENGTH DATA ELEMENTS--GENERAL INFORMATION
fixed length control field 211028s9999 xx 000 0 eng d
020 ## - INTERNATIONAL STANDARD BOOK NUMBER
International Standard Book Number 981-3083-12-3
040 ## - CATALOGING SOURCE
Transcribing agency IIA Library
080 ## - UNIVERSAL DECIMAL CLASSIFICATION NUMBER
Universal Decimal Classification number 524.3-64
Item number SEN
100 ## - MAIN ENTRY--PERSONAL NAME
Personal name Sen, K. K.
9 (RLIN) 22609
245 #0 - TITLE STATEMENT
Title Radiative transfer in moving media
Remainder of title basic mathematical methods for radiative transfer in spherically symmetric moving media
Statement of responsibility, etc. K. K. Sen and S. J. Wilson
260 ## - PUBLICATION, DISTRIBUTION, ETC.
Place of publication, distribution, etc. Singapore
Name of publisher, distributor, etc. Springer-Verlag
Date of publication, distribution, etc. 1998
300 ## - PHYSICAL DESCRIPTION
Extent x, 254p.
650 ## - SUBJECT ADDED ENTRY--TOPICAL TERM
Topical term or geographic name entry element Radiative transfer
9 (RLIN) 1568
700 ## - ADDED ENTRY--PERSONAL NAME
Personal name Wilson, S. J.
9 (RLIN) 22610
942 ## - ADDED ENTRY ELEMENTS (KOHA)
Koha item type Books
Holdings
Withdrawn status Lost status Damaged status Not for loan Home library Current library Shelving location Date acquired Source of acquisition Cost, normal purchase price Total Checkouts Full call number Barcode Date last seen Cost, replacement price Price effective from Koha item type Purchase Price
        IIA Library-Bangalore IIA Library-Bangalore General Stacks 08/02/1999 EDS 2808.00   524.3-64/ SEN 13803 05/11/2021 2808.00 08/02/1999 Books Rs. 2808.00

Powered by Koha